Image and idea ; fourteen essays on literary themes.

Bibliographic Details
Main Author: Rahv, Philip, 1908-1973
Format: Book
Language:English
Published: [New York] : [New Directions], [1949]
Subjects:

MARC

Tag First Indicator Second Indicator Subfields
LEADER 00000cam a2200000 4500
001 in00000021713
005 20151007063713.0
008 750806s1949 nyu 00000 eng u
010 |a  49008967  
035 |a (OCoLC)01518202 
035 |9 AAD8046AM 
040 |c JPL  |d OCL  |d TXA  |d UtOrBLW 
049 |a TXAM  |c [170843] 
050 0 0 |a PN511  |b .R27 
082 0 |a 809 
092 |a 809  |b R148i 
100 1 |a Rahv, Philip,  |d 1908-1973. 
245 1 0 |a Image and idea ;  |b fourteen essays on literary themes. 
264 1 |a [New York] :  |b [New Directions],  |c [1949] 
300 |a 164 pages ;  |c 22 cm. 
336 |a text  |b txt  |2 rdacontent 
337 |a unmediated  |b n  |2 rdamedia 
338 |a volume  |b nc  |2 rdacarrier 
505 0 |a Paleface and redskin.--The cult of experience in American writing.--The dark lady of Salem.--The heiress of all the ages.--Attitudes toward Henry James.--Tolstoy: the green twig and black trunk.--Dosidovsky in the possessed.--The death of Ivan Ilyich and Joseph K.--Notes on the decline of naturalism.--Sketches in criticism. Mrs. Woolf and Mrs. Brown. Henry Miller. Dr. Williams in his short stories. Koestler and homeless radicalism. DeVoto and Kulturbolschewismus. 
650 0 |a Literature  |x History and criticism. 
999 |a MARS 
999 f f |s c982776e-8a18-37a4-83bb-6be940cb0c91  |i 8403f70c-6825-3534-99f3-9554359b7c78  |t 0 
952 f f |p ric  |a Texas A&M University  |b Rellis Campus  |c Joint Library Facility  |d Remote Storage  |t 0  |e PN511 .R27  |h Library of Congress classification  |i unmediated -- volume  |m A14801205511 
998 f f |a PN511 .R27  |t 0  |l Remote Storage